00681nam a22001937a 450000500170000000800410001702000180005804100080007604400070008408200180009124501500010926000310025930000430029049000370033365000180037065000190038865000270040765000530043420180803165535.0140305b2009 ck ||||| ||||o00| 0 spa d a9789588448237 aspa ack a574.526bI62p00aPlanificación ecorregional para la conservación in situ de la biodiversidad marina y costera en el Caribe y Pacífico continental colombiano aSanta MartabInvemarc2009 a106 p. + anexosbmapas, tablasc28 cm. aDocumentos Generales Invemarv41 aBiodiversidad aConservación aConservación in situ aMares y CostaszPacífico, (Región, Colombia)